000 00357 a2200133 4500
000 nam a22 7a 4500
100 _a Anup Kumar
110 _a Anup Kumar
245 _aStudy of Indian Numismatics
250 _aLatest edition
260 _bSwastik Publishers & Distributors
_c2018
264 _bSwastik Publishers & Distributors
_c2018
942 _cBK
999 _c394941
_d394941